GIMS & La Mano 1.9 - PARISIENNE [paroles] - Statistiques

Statistiques générales
  • Ce quiz a été pris 164 fois
  • Le résultat moyen est 65 sur 132
Statistiques - réponses
Réponse % Correct
a
93%
à
93%
la
91%
L.A
91%
de
90%
Parisienne
88%
qui
88%
Tour
88%
feu
87%
s’en
87%
une
87%
vert
87%
au
85%
je
85%
moi
85%
traverse
85%
Eiffel
84%
veux
81%
fout
80%
le
80%
d’la
76%
ma
75%
les
72%
tu
72%
ce
69%
elle
65%
mon
65%
pas
64%
chora
60%
l’aura
59%
comme
58%
en
58%
avec
57%
plus
57%
belle
56%
l’auras
56%
partie
56%
t’es
55%
t’inquiète
55%
ça
54%
c’est
54%
Champs-Élysées
54%
fais
54%
va
54%
ouais
53%
tel’
53%
artificielle
52%
du
52%
balade
51%
sans
51%
soir
51%
aime
50%
M.A.N.O
50%
rien
50%
et
49%
mecs
49%
t’en
49%
l’oseille
48%
parfois
48%
vas
48%
laissé
47%
laisse
47%
m’ont
47%
voix
47%
ciel
46%
est
46%
ficelles
46%
j’suis
46%
mais
46%
possible
46%
tire
46%
vers
46%
aussi
45%
veut
45%
m’as
44%
canon
43%
que
43%
touch
43%
Warano
43%
tami’
42%
ce-pla
41%
R.A.T.
41%
avenue
40%
localisé
40%
lumières
40%
ah
39%
alcoolisé
39%
sens
39%
tombée
39%
Montaigne
38%
volant
38%
bande
37%
active
36%
s’amuser
36%
haineux
35%
tamisées
35%
bébé
34%
misère
34%
d’personnel
33%
l’excuse
33%
semelle
33%
soir-là
33%
tunnel
33%
c’était
32%
d’une
32%
prends
32%
cette
31%
encore
31%
j’ai
31%
m’lâche
31%
numéro
31%
trop
31%
uno
31%
semaine
30%
sérieux
30%
couper
28%
porcs
28%
quand
28%
tout
25%
tter-gra
25%
on
24%
d’professionnels
22%
pompiers
21%
appelle
20%
j’vais
19%
papa
17%
billets
16%
dit
16%
plier
16%
gros
15%
maman
14%
sort
13%
Aucun quiz correspondant
Distribution des résultats
% des personnes avec chaque résultat
Percentile par nombre de réponses
Votre historique - résultats
Vous n’avez pas pris ce quiz